000 00300nam a22001337a 4500
008 181029b xxu||||| |||| 00| 0 eng d
020 _a9780195114300
041 _aeng
080 _a610
100 _a4
101 _aSHM
245 _aBioethics A Return to Fundamentals
_cGert,B
942 _2udc
_cBK
999 _c51011
_d51011